000 00697nam a2200229 i 4500
001 18792
003 ES-MaACL
005 20250730143231.0
007 t|
008 020201s1989 sp ||||0| spa d
016 7 _zSIC92000947
020 _a84-404-5883-5
040 _aM-BN
_bspa
_cSIC
080 _a728.81(462.1)(042)
245 0 0 _aCastillos medievales del Reino de León /
_cMiguel Angel Ladero Quesada...[et al.].
260 _a[Madrid] :
_b[s.n.],
_cD.L.1989.
300 _a175 p :
_bil.col ;
_c28 cm.
650 1 4 _aCastillos-
_zLeón (Reino)
_910832
700 1 _aLadero Quesada, Miguel Ángel,
_d1943-
_9159216
852 _aES-MaACL
_jL-25281
_bR.130543
999 _c18792
_d18792